| 000 | 01819cam a2200385 a 4500 | ||
|---|---|---|---|
| 001 | 15447412 | ||
| 005 | 20210414113928.0 | ||
| 008 | 080911s2009 enka b 001 0 eng | ||
| 010 | _a 2008039287 | ||
| 020 | _a9780199546329 | ||
| 020 | _a9780199546336 (pbk.) | ||
| 020 | _a0199546320 | ||
| 020 | _a0199546339 (pbk.) | ||
| 035 | _a(OCoLC)244417267 | ||
| 035 | _a(OCoLC)ocn244417267 | ||
| 040 |
_aDLC _cDLC _dBTCTA _dBAKER _dYDXCP _dBWKUK _dBWK _dNLGGC _dDLC |
||
| 050 | 0 | 0 |
_aHD30.213.H447 _b |
| 082 | 0 | 0 |
_a658.4/038011 _222 |
| 084 |
_a85.20 _2bcl |
||
| 100 | 1 |
_aHeijden, Johannes Govardus Maria van der, _d1969- |
|
| 245 | 1 | 0 |
_aDesigning management information systems / _cHans van der Heijden. |
| 260 |
_aOxford ; _aNew York : _bOxford University Press, _c2009. |
||
| 300 |
_axvi, 144 p. : _bill. ; _c24 cm. |
||
| 504 | _aIncludes bibliographical references (p. [139]-142) and index. | ||
| 505 | _aContents: Management information systems -- Structuring data,part 1 -- Structuring data,part 2 -- Querying data -- Aggregating data -- Visualizing data -- Monitoring keyperformance indicators -- Selecting alternatives -- Epilogue -- | ||
| 650 | 0 | _aManagement information systems. | |
| 650 | 0 | _aInformation resources management. | |
| 650 | 0 | _aDecision support systems. | |
| 856 | 4 | 1 |
_3Table of contents only _uhttp://www.loc.gov/catdir/toc/ecip0827/2008039287.html |
| 856 | 4 | 2 |
_3Contributor biographical information _uhttp://www.loc.gov/catdir/enhancements/fy0908/2008039287-b.html |
| 856 | 4 | 2 |
_3Publisher description _uhttp://www.loc.gov/catdir/enhancements/fy0908/2008039287-d.html |
| 906 |
_a7 _bcbc _corignew _d1 _eecip _f20 _gy-gencatlg |
||
| 942 |
_2lcc _cBK |
||
| 999 |
_c740 _d8240 |
||